<?xml version="1.0" encoding="UTF-8"?>
<collection xmlns="http://www.loc.gov/MARC21/slim">
<record>
  <controlfield tag="001">308925</controlfield>
  <controlfield tag="005">20240928181459.0</controlfield>
  <datafield tag="035" ind1=" " ind2=" ">
    <subfield code="a">G:(GEPRIS)32950676</subfield>
  </datafield>
  <datafield tag="024" ind1="7" ind2=" ">
    <subfield code="a">G:(GEPRIS)32950676</subfield>
    <subfield code="d">32950676</subfield>
  </datafield>
  <datafield tag="040" ind1=" " ind2=" ">
    <subfield code="a">GEPRIS</subfield>
    <subfield code="c">http://gepris.its.kfa-juelich.de</subfield>
  </datafield>
  <datafield tag="150" ind1=" " ind2=" ">
    <subfield code="a">Functional analysis of the role of Cdc42 in mammalian skeletal development</subfield>
    <subfield code="y">2006 - 2012</subfield>
  </datafield>
  <datafield tag="371" ind1=" " ind2=" ">
    <subfield code="a">Privatdozent Dr. Attila Aszódi</subfield>
  </datafield>
  <datafield tag="450" ind1=" " ind2=" ">
    <subfield code="a">DFG project G:(GEPRIS)32950676</subfield>
    <subfield code="w">d</subfield>
    <subfield code="y">2006 - 2012</subfield>
  </datafield>
  <datafield tag="510" ind1="1" ind2=" ">
    <subfield code="a">Deutsche Forschungsgemeinschaft</subfield>
    <subfield code="0">I:(DE-588b)2007744-0</subfield>
    <subfield code="b">DFG</subfield>
  </datafield>
  <datafield tag="680" ind1=" " ind2=" ">
    <subfield code="a">Development of the mammalian skeleton is a complex, temporally and spatially organized process during which mesenchymal tissues either directly differentiate into bone (intramembranous ossification) or first form a cartilaginous intermediate which is subsequently replaced by bone (endochondral ossification). Skeletal morphogenesis is strongly influenced by cell-matrix interactions and tightly regulated via extracellular proteins, growth factors, hormones, transcription factors and intracellular signalling molecules. Mutations in a broad range of genes result in various osteochondrodysplasias, genetic diseases charactherized by growth and skeletal abnormalities. ß1 integrins, the major adhesion receptors that mediate cell-matrix interactions during skeletogenesis, have been shown to be crucial for both types of ossification processes regulating extracellular matrix assembly, cell survival, proliferation, differentiation and cytoskeletal organization. However, relativelly less is known about the intracellular signalling pathways directing these integrin functions in vivo. The Rho GTPases constitute a family of intracellular molecules involved in signalling from adhesive as well as nonadhesive receptors. Cdc42, a prototype member of the Rho family, is implicated in skeletal development but its function has not been studied in animal models. In order to elucidate the role of Cdc42 during skeletogenesis we have conditionally inactivated the mouse Cdc42 gene in mesenchymal precursor cells of osteoblasts and chondrocytes using the Cre-loxP system. Our preliminary data revealed severe skeletal defects of the mutant mice including both cartilaginous and bony tissues. Present application aims 1) to charactherize these defects in detail; 2) to identify Cdc42-dependent signaling pathways that affect skeletogenesis; 3) and to provide a complex mechanistic view how Cdc42 integrates extra- and/or intracellular signals during bone formation. The project involves histological, ultrastructural and immunohistochemical analyses as well as biochemical, cellular and gene expression approaches.</subfield>
  </datafield>
  <datafield tag="909" ind1="C" ind2="O">
    <subfield code="o">oai:juser.fz-juelich.de:975800</subfield>
    <subfield code="p">authority:GRANT</subfield>
    <subfield code="p">authority</subfield>
  </datafield>
  <datafield tag="980" ind1=" " ind2=" ">
    <subfield code="a">G</subfield>
  </datafield>
  <datafield tag="980" ind1=" " ind2=" ">
    <subfield code="a">AUTHORITY</subfield>
  </datafield>
  <datafield tag="909" ind1="C" ind2="O">
    <subfield code="o">oai:juser.fz-juelich.de:975800</subfield>
  </datafield>
</record>
</collection>